ARRUPE JESUIT UNIVERSITY

CORONAVIRUS -STOP THE SPREAD - CLEAN,DISINFECT,COVER

The growth of co-operatives in Zambia (Record no. 60940)

MARC details
000 -LEADER
fixed length control field 00682nam a2200241Ia 4500
003 - CONTROL NUMBER IDENTIFIER
control field 0100
005 - DATE AND TIME OF LATEST TRANSACTION
control field 20170502102834.0
008 - FIXED-LENGTH DATA ELEMENTS--GENERAL INFORMATION
fixed length control field 130303s9999 xx 000 0 und d
040 ## - CATALOGING SOURCE
Transcribing agency ARRUPELIB
050 ## - LIBRARY OF CONGRESS CALL NUMBER
Classification number DT963.A3Z3 NO. 6
300 ## - PHYSICAL DESCRIPTION
Other physical details 23cm
100 ## - MAIN ENTRY--PERSONAL NAME
Personal name Lombard, C. Stephen
9 (RLIN) 28977
245 #4 - TITLE STATEMENT
Title The growth of co-operatives in Zambia
245 ## - TITLE STATEMENT
Remainder of title 1914-71
260 ## - PUBLICATION, DISTRIBUTION, ETC. (IMPRINT)
Name of publisher, distributor, etc University of Zambia
Place of publication, distribution, etc Lusaka
Date of publication, distribution, etc 1971
300 ## - PHYSICAL DESCRIPTION
Extent 40p.
440 ## - SERIES STATEMENT/ADDED ENTRY--TITLE
Title Zambian Papers no. 6
9 (RLIN) 30242
650 ## - SUBJECT ADDED ENTRY--TOPICAL TERM
Topical term or geographic name as entry element Co-operative societies
General subdivision Zambia
9 (RLIN) 30243
942 ## - ADDED ENTRY ELEMENTS (KOHA)
Source of classification or shelving scheme Library of Congress Classification
Koha item type Monograph ( Printed materials)
Holdings
Withdrawn status Lost status Source of classification or shelving scheme Damaged status Not for loan Collection code Home library Current library Shelving location Date acquired Total Checkouts Full call number Barcode Date last seen Date checked out Copy number Price effective from Koha item type
    Library of Congress Classification     Main Collection ARRUPE LIBRARY ARRUPE LIBRARY   05/03/2013 1 DT963.A3Z3 NO. 6 46003092664 07/12/2017 30/10/2015 1 05/03/2013 Monograph ( Printed materials)

 

Arrupe Library. PO Box MP320 Mt Pleasant, Harare, Zimbabwe
263 242 745411|librarian@aju.ac.zw